| 000 | 00375 a2200109 4500 | ||
|---|---|---|---|
| 001 | ART_23667 | ||
| 005 | 20260410161932.0 | ||
| 008 | 260409a | ||
| 245 | 1 | 0 | _aEl hombre según Kierkegaard |
| 100 | 1 | _aLetizia, Francisco | |
| 773 | 0 |
_tRevista de la Facultad de Ciencias Económicas de la Universidad de Cuyo _g- Año XXX, Nº 78 (jul./dic. 1978) _wREV22981 |
|
| 999 |
_c28710 _d28710 |
||